| Registos Bibliográficos associados ao registo de autoridade |
|
Etiqueta de registo: 00254nam 2200025 450 001 2286615 003 http://id.bnportugal.gov.pt/bib/catbnp/2286615 100 ## $a20260521d2025 k y0pory01030103ba 101 0# $apor$deng 102 ## $aPT 105 ## $aa m 001yy 106 ## $ar 200 1# $a O comandante António Pinto Basto e os seus contributos para o desenvolvimento científico
e económico na marinha e no mar$fJoão Carlos Carames Simões$gorient. António José Duarte Costa Canas 210 #9 $aLisboa$c[s.n.],$d2025 215 ## $aXVI, 633 p.$cil.$d30 cm 300 ## $aAcesso não autorizado por um período de 3 anos 328 #1 $aTese dout. História Marítima, Faculdade de Letras da Universidade de Lisboa, 2025 675 ## $a359Bastos, António Pinto(043)$vBN$zpor$31999638 675 ## $a355.49(469)"18/19"(043)$vBN$zpor$31999639 675 ## $a551.46(469)"18/19"(043)$vBN$zpor$31999640 700 #1 $aSimões,$bJoão Carlos Carames$31998928 702 #1 $aCanas,$bAntónio,$f1963-$4727$31228885 801 #0 $aPT$bBN$gRPC 966 ## $lBN$mFGMON$sS.C. 169264 V.$x1 971 ## $cisantos$d20260521 972 ## $e0$z0$d20260619$vasantos 973 ## $ctrodrigues$d20260529
|
|
|